[Event "Omsk-ch"]
[Site "Omsk"]
[Date "2010.03.06"]
[Round "9"]
[White "Manchenko, Vladimir"]
[Black "Vinichenko, Vladimir"]
[Result "0-1"]
[WhiteElo "2048"]
[BlackElo "2220"]
[PlyCount "34"]
[EventDate "2010.02.20"]
[EventType "swiss"]
[EventRounds "11"]
[EventCountry "RUS"]
[SourceTitle "CBM 135 Extra"]
[Source "ChessBase"]
[SourceDate "2010.05.04"]
[SourceVersion "1"]
[SourceVersionDate "2010.05.04"]
[SourceQuality "1"]

1. c4 Nf6 2. Nc3 e5 3. Nf3 Nc6 4. g3 Bb4 5. e4 0-0 6. d3 d6 7. Bg2 Bg4 8. h3 Bxf3 9. Bxf3 Nd4 10. Bg2 c6 11. 0-0 Bc5 12. Kh2 g6 13. Bh6 Re8 14. Qd2 Nh5 15. Nd1 a5 16. a3 Nb3 17. Qe2 Nxa1 0-1

[Event "Omsk op"]
[Site "Omsk"]
[Date "2008.12.11"]
[Round "8"]
[White "Pozdniakov, Vladimir"]
[Black "Vinichenko, Vladimir"]
[Result "0-1"]
[WhiteElo "2251"]
[BlackElo "2210"]
[PlyCount "54"]
[EventDate "2008.11.23"]
[EventType "swiss"]
[EventRounds "9"]
[EventCountry "RUS"]
[SourceTitle "CBM 127 Extra"]
[Source "ChessBase"]
[SourceDate "2009.01.08"]
[SourceVersion "2"]
[SourceVersionDate "2009.01.28"]
[SourceQuality "1"]

1. Nf3 Nf6 2. c4 b6 3. g3 Bb7 4. Bg2 g6 5. b3 Bg7 6. Bb2 0-0 7. 0-0 d6 8. d3 c5 9. Nbd2 Nc6 10. Qc2 Rc8 11. Rac1 e5 12. Ne4 Qe7 13. e3 Nb4 14. Nxf6+ Bxf6 15. Qb1 Nxd3 16. Qxd3 e4 17. Bxf6 Qxf6 18. Qc3 Qxc3 19. Rxc3 exf3 20. Bh3 Rcd8 21. Rd3 Be4 22. Rd2 f5 23. Rfd1 Rf6 24. g4 Kf7 25. g5 Re6 26. Bf1 Ke7 27. a3 h6 0-1

[Event "Omsk op"]
[Site "Omsk"]
[Date "2008.12.06"]
[Round "6"]
[White "Zikunova, Valeria"]
[Black "Vinichenko, Vladimir"]
[Result "0-1"]
[WhiteElo "2005"]
[BlackElo "2210"]
[PlyCount "71"]
[EventDate "2008.11.23"]
[EventType "swiss"]
[EventRounds "9"]
[EventCountry "RUS"]
[SourceTitle "CBM 127 Extra"]
[Source "ChessBase"]
[SourceDate "2009.01.08"]
[SourceVersion "2"]
[SourceVersionDate "2009.01.28"]
[SourceQuality "1"]

1. e4 c5 2. Nf3 Nc6 3. d4 cxd4 4. Nxd4 e5 5. Nf5 Nf6 6. Nc3 d5 7. Nxd5 Nxd5 8. Qxd5 Qxd5 9. exd5 Bxf5 10. dxc6 bxc6 11. c3 Bc5 12. Bc4 f6 13. Ke2 0-0-0 14. Be3 Bb6 15. Rhd1 Kc7 16. Ba6 Be6 17. Bd3 f5 18. f3 Rhe8 19. h3 Rd7 20. Rd2 g6 21. a4 Bxe3 22. Kxe3 Red8 23. Rdd1 Bb3 24. Rd2 c5 25. c4 Bxc4 26. Ra3 Bxd3 27. Rdxd3 Rxd3+ 28. Rxd3 Rxd3+ 29. Kxd3 Kc6 30. h4 Kd5 31. b3 e4+ 32. fxe4+ fxe4+ 33. Ke3 Ke5 34. g4 h5 35. g5 Kf5 36. a5 0-1

[Event "Omsk op"]
[Site "Omsk"]
[Date "2008.12.04"]
[Round "5"]
[White "Vinichenko, Vladimir"]
[Black "Volkov, Alexander2222"]
[Result "1-0"]
[WhiteElo "2210"]
[BlackElo "2056"]
[PlyCount "113"]
[EventDate "2008.11.23"]
[EventType "swiss"]
[EventRounds "9"]
[EventCountry "RUS"]
[SourceTitle "CBM 127 Extra"]
[Source "ChessBase"]
[SourceDate "2009.01.08"]
[SourceVersion "2"]
[SourceVersionDate "2009.01.28"]
[SourceQuality "1"]

1. d4 Nf6 2. Nf3 e6 3. c4 d5 4. Nc3 Nbd7 5. cxd5 exd5 6. Bg5 Be7 7. e3 0-0 8. Qc2 c6 9. Bd3 Re8 10. 0-0 Nf8 11. Bxf6 Bxf6 12. b4 a6 13. a4 Bg4 14. Nd2 Be7 15. Rab1 Bd6 16. Bf5 Bh5 17. b5 axb5 18. axb5 Qg5 19. bxc6 bxc6 20. g3 Ra3 21. Rb3 Rea8 22. Rxa3 Rxa3 23. Ncb1 Ra6 24. Bd3 Bg6 25. Nf3 Qf6 26. Nbd2 Rb6 27. Kg2 Ne6 28. Bxg6 hxg6 29. Ra1 Qd8 30. Qd3 Qb8 31. Rc1 Qb7 32. h4 c5 33. dxc5 Bxc5 34. Kg1 Rb4 35. Ng5 Nxg5 36. Rxc5 Ne4 37. Nxe4 Rxe4 38. Qxd5 Qxd5 39. Rxd5 Kf8 40. Rd7 Re5 41. Kg2 g5 42. hxg5 Rxg5 43. f4 Ra5 44. e4 Ra3 45. Kh3 Rc3 46. e5 g5 47. Kg4 gxf4 48. gxf4 Kg7 49. Kf5 Re3 50. Rd2 Re1 51. Rg2+ Kf8 52. Kf6 Rh1 53. f5 Rh6+ 54. Kg5 Ra6 55. Rb2 Ra1 56. Kf6 Ra6+ 57. e6 1-0

[Event "Omsk op"]
[Site "Omsk"]
[Date "2008.11.30"]
[Round "4"]
[White "Adamson, Konstantin"]
[Black "Vinichenko, Vladimir"]
[Result "1/2-1/2"]
[WhiteElo "2161"]
[BlackElo "2210"]
[PlyCount "28"]
[EventDate "2008.11.23"]
[EventType "swiss"]
[EventRounds "9"]
[EventCountry "RUS"]
[SourceTitle "CBM 127 Extra"]
[Source "ChessBase"]
[SourceDate "2009.01.08"]
[SourceVersion "2"]
[SourceVersionDate "2009.01.28"]
[SourceQuality "1"]

1. c4 Nf6 2. g3 c5 3. Bg2 Nc6 4. Nc3 e6 5. d3 d5 6. cxd5 exd5 7. Bg5 d4 8. Nd5 Be7 9. Nxe7 Qxe7 10. Nf3 Be6 11. Nd2 Ne5 12. 0-0 h6 13. Bxf6 gxf6 14. Rc1 Kf8 1/2-1/2

[Event "Omsk-ch sf"]
[Site "Omsk"]
[Date "2006.11.15"]
[Round "1"]
[White "Potseluev, Sergey"]
[Black "Vinichenko, Vladimir"]
[Result "0-1"]
[WhiteElo "2024"]
[BlackElo "2194"]
[PlyCount "108"]
[EventDate "2006.11.15"]
[EventType "swiss"]
[EventRounds "9"]
[EventCountry "RUS"]
[SourceTitle "EXT 2019"]
[Source "ChessBase"]
[SourceDate "2018.10.10"]
[SourceVersion "1"]
[SourceVersionDate "2018.10.10"]
[SourceQuality "1"]

1. d4 Nf6 2. c4 e6 3. Nc3 Bb4 4. Qc2 0-0 5. Nf3 b6 6. e3 Bb7 7. Be2 Ne4 8. 0-0 f5 9. Nd2 Nxd2 10. Bxd2 d6 11. f3 Nd7 12. a3 Bxc3 13. Qxc3 Qe7 14. b4 e5 15. Bd1 Rf6 16. Bb3 c5 17. d5 Rh6 18. Rf2 Rf8 19. g3 Qf7 20. Rg2 Rh3 21. Rf1 Kh8 22. Rff2 Nf6 23. bxc5 bxc5 24. Bc2 Bc8 25. Qb3 Qe7 26. Qb1 g6 27. Bc3 Kg8 28. Bd3 Ba6 29. Rb2 Nd7 30. Rgf2 Nb6 31. Qf1 Rh5 32. Rb3 Qd7 33. Ba5 Qa4 34. Rxb6 axb6 35. Bxb6 Rh6 36. f4 e4 37. Be2 Qd7 38. h4 Rb8 39. Ba5 Rb3 40. Qc1 Kf7 41. Bd1 Rb8 42. Rb2 Rxb2 43. Qxb2 Bxc4 44. Bc3 Qe7 45. Bg7 Rh5 46. Bxh5 gxh5 47. Bh6 Qf6 48. Qb7+ Qe7 49. Qc8 Qf6 50. Qd7+ Kg6 51. g4 hxg4 52. Bg5 Qa1+ 53. Kh2 g3+ 54. Kg2 Qf1+ 0-1